00411 2200181 4500001002100000005001500021035002000036245004400056100001900100250000600119260003600125082000800161084001400169600001000183990001200193990001200205990001200217INLIS00000000000171920250505092411 a0010-05250000111 aSi Kecil Yang terluka /cNani Setyawati0 aNani Setyawati a1 aJakarta :bSasmita Utama,c2000 a800 a800 NAN s 4aFiksi a00.0228 a00.0229 a00.0230